Theoria Latinae Syntaxeos ...
| Format: | Book |
|---|---|
| Language: | English |
| PhysicalDescription: | 168 s. |
| Published: |
Leutschoviae
[Typis Werthmüllerianis]
1817
|
MARC
| LEADER | 00000nam a2200000 a 4500 | ||
|---|---|---|---|
| 001 | vtls001523402 | ||
| 003 | SK-MaSNL | ||
| 005 | 20260223134144.0 | ||
| 008 | 050412 000 0 eng | ||
| 040 | |a SNK |b slo |c SNK |e AACR2 | ||
| 245 | 1 | |a Theoria Latinae Syntaxeos ... | |
| 260 | |a Leutschoviae |b [Typis Werthmüllerianis] |c 1817 | ||
| 300 | |a 168 s. | ||
| 999 | |c 561095 |d 563025 | ||
| 952 | |a SNK |b SNK |y VYP |7 0 |p 17A0466317 |o snkSD 2230 D2 |i snkD 2968/61 |3 Rekatalogizácia |0 0 |1 0 |4 0 |d 2005-04-12 |l 0 |r 2026-02-23 13:41:44 |w 2026-02-23 | ||
| 952 | |a SNK |b SNK |y PREZ |7 0 |p 17A0466188 |o snkSD 2230 D1 |i snkKSF 3852/57 |3 Rekatalogizácia |0 0 |1 0 |4 0 |d 2005-04-12 |l 0 |r 2026-02-23 13:41:44 |w 2026-02-23 | ||


